songs de Justin Bieber - Statistiques

Statistiques générales
  • Ce quiz a été pris 220 fois
  • Le résultat moyen est 6 sur 15
Statistiques - réponses
Hint Réponse % Correct
4 baby
97%
1 sorry
78%
13 let me love you
72%
2 what do you mean
63%
10 Boyfriend
44%
5 Peaches
43%
6 Yummy
37%
11 Beauty and a Beat
36%
7 Ghost
34%
14 lonely
29%
15 Company
22%
3 love me
19%
12 cold water
15%
8 Intentions
11%
9 Where Are Ü Now
10%
Aucun quiz correspondant
Distribution des résultats
% des personnes avec chaque résultat
Percentile par nombre de réponses
Votre historique - résultats
Vous n’avez pas pris ce quiz